[Event "SVR-ch Seniors"]
[Site "Trier"]
[Date "2016.03.20"]
[Round "3"]
[White "Baudner, Giselbert"]
[Black "Rueggeberg, Wilhelm"]
[Result "1-0"]
[WhiteElo "1905"]
[BlackElo "1843"]
[PlyCount "91"]
[EventDate "2016.03.19"]
[EventType "tourn"]
[EventRounds "7"]
[EventCountry "GER"]
[SourceTitle "CBM 171 Extra"]
[Source "ChessBase"]
[SourceDate "2016.04.26"]
[SourceVersion "1"]
[SourceVersionDate "2016.04.26"]
[SourceQuality "1"]

1. c4 c5 2. Nc3 e6 3. Nf3 Nc6 4. g3 Nf6 5. e4 d6 6. Bg2 Be7 7. 0-0 0-0 8. d4 cxd4 9. Nxd4 Ne5 10. b3 Rb8 11. Bb2 Bd7 12. Ncb5 Bxb5 13. Nxb5 a6 14. Nd4 Nc6 15. Nxc6 bxc6 16. e5 dxe5 17. Bxe5 Rc8 18. Qf3 Qa5 19. Bc3 Qh5 20. Qxh5 Nxh5 21. Ba5 Nf6 22. Rfd1 e5 23. Bh3 Ra8 24. Rd2 Bc5 25. Re2 Bd4 26. Rd1 h5 27. Bg2 Rac8 28. h3 Rfe8 29. Kh2 g5 30. Rd3 Re6 31. b4 Kg7 32. c5 Kg6 33. f4 gxf4 34. gxf4 Kf5 35. fxe5 Bxe5+ 36. Kg1 Rg8 37. a4 Rg3 38. Rxg3 Bxg3 39. Rxe6 fxe6 40. Bxc6 Be1 41. Bb7 e5 42. c6 Nd5 43. Bxa6 Kf4 44. Bc4 Nc7 45. Bxc7 Bxb4 46. Bd8 1-0

[Event "SVR-ch Seniors"]
[Site "Trier"]
[Date "2016.03.19"]
[Round "1"]
[White "Baudner, Guntmar"]
[Black "Baudner, Giselbert"]
[Result "1-0"]
[WhiteElo "2041"]
[BlackElo "1905"]
[PlyCount "103"]
[EventDate "2016.03.19"]
[EventType "tourn"]
[EventRounds "7"]
[EventCountry "GER"]
[SourceTitle "CBM 171 Extra"]
[Source "ChessBase"]
[SourceDate "2016.04.26"]
[SourceVersion "1"]
[SourceVersionDate "2016.04.26"]
[SourceQuality "1"]

1. d4 Nf6 2. c4 d5 3. Nc3 c6 4. Nf3 h6 5. e3 Be6 6. b3 Ne4 7. Bb2 Qa5 8. Qc2 Bf5 9. Bd3 e6 10. 0-0 Nd6 11. Bxf5 Nxf5 12. e4 dxe4 13. Qxe4 Bb4 14. Rfc1 0-0 15. a3 Be7 16. b4 Qc7 17. d5 Nd6 18. Qd3 exd5 19. cxd5 Rd8 20. dxc6 bxc6 21. Nd5 Qd7 22. Nxe7+ Qxe7 23. Ne5 c5 24. Rxc5 Ne8 25. Qf3 Na6 26. Nc6 Qd7 27. Nxd8 Rxd8 28. Rcc1 Qe6 29. Rc6 Rd6 30. Rac1 Nb8 31. Rc8 Nd7 32. Qa8 Kf8 33. Qxa7 Ra6 34. Qd4 f6 35. Qc4 Kf7 36. Rc6 Rxc6 37. Qxc6 Ne5 38. Qxe6+ Kxe6 39. Bd4 Nd6 40. a4 Nec4 41. a5 Kd5 42. Bc5 Ne4 43. Rxc4 Kxc4 44. a6 Nxc5 45. bxc5 Kxc5 46. a7 Kd6 47. a8Q Ke6 48. Qe4+ Kf7 49. f4 Kg8 50. Qg6 Kf8 51. Kf2 Kg8 52. Ke3 1-0

[Event "SVR-ch Seniors 36th"]
[Site "Idar Oberstein"]
[Date "2013.03.28"]
[Round "5"]
[White "Scheffler, Juergen"]
[Black "Baudner, Giselbert"]
[Result "0-1"]
[WhiteElo "1160"]
[BlackElo "1905"]
[PlyCount "70"]
[EventDate "2013.03.23"]
[EventType "swiss"]
[EventRounds "7"]
[EventCountry "GER"]
[SourceTitle "EXT 2014"]
[Source "ChessBase"]
[SourceDate "2013.11.20"]
[SourceVersion "1"]
[SourceVersionDate "2013.11.20"]
[SourceQuality "1"]

1. d4 d5 2. c4 c6 3. cxd5 cxd5 4. Nc3 Nf6 5. Bg5 e6 6. Nf3 Be7 7. Rc1 0-0 8. e3 a6 9. a4 Nc6 10. Bd3 Bd7 11. Bb1 Nb4 12. 0-0 Qb6 13. Ne5 Be8 14. f4 Qd6 15. Rf3 h6 16. Bh4 Nd7 17. Bxe7 Qxe7 18. Rg3 f5 19. Ne2 Nxe5 20. fxe5 Bh5 21. Qe1 Rfc8 22. Nf4 Be8 23. b3 a5 24. Qd1 Kh7 25. Qe1 Rc6 26. Rxc6 bxc6 27. Rg4 g5 28. Nh3 Bg6 29. Rg3 Rg8 30. Nf2 c5 31. Nd3 cxd4 32. exd4 Nc6 33. Nc5 Nxd4 34. Qd2 Qxc5 35. Rxg5 Nf3+ 0-1

[Event "SVR-ch Seniors 36th"]
[Site "Idar Oberstein"]
[Date "2013.03.23"]
[Round "1"]
[White "Geibel, Kurt"]
[Black "Baudner, Giselbert"]
[Result "0-1"]
[WhiteElo "1206"]
[BlackElo "1905"]
[PlyCount "64"]
[EventDate "2013.03.23"]
[EventType "swiss"]
[EventRounds "7"]
[EventCountry "GER"]
[SourceTitle "EXT 2014"]
[Source "ChessBase"]
[SourceDate "2013.11.20"]
[SourceVersion "1"]
[SourceVersionDate "2013.11.20"]
[SourceQuality "1"]

1. c4 c5 2. g3 Nf6 3. e3 d5 4. Ne2 Bg4 5. Bg2 e5 6. 0-0 Nc6 7. b3 Be7 8. Bb2 d4 9. h3 Bh5 10. Na3 d3 11. g4 dxe2 12. Qxe2 Bg6 13. Rfd1 Bd3 14. Qf3 0-0 15. Qg3 e4 16. Nb5 a6 17. Nc3 Bd6 18. Qh4 Ne5 19. f4 exf3 20. Bh1 Re8 21. Qf2 Bc2 22. Re1 Nd3 23. Qxf3 Nxb2 24. Rac1 Bg6 25. Qxb7 Nd3 26. Qf3 Nxc1 27. Rxc1 Ra7 28. Re1 Be5 29. Na4 Qxd2 30. Re2 Qd6 31. Qf2 Bg3 32. Qf1 Bd3 0-1

[Event "SVR-ch Seniors 34th"]
[Site "Reil"]
[Date "2011.04.21"]
[Round "4"]
[White "Baudner, Giselbert"]
[Black "Karbach, Andreas"]
[Result "1/2-1/2"]
[WhiteElo "1905"]
[BlackElo "1878"]
[PlyCount "96"]
[EventDate "2011.04.15"]
[EventType "swiss"]
[EventRounds "7"]
[EventCountry "GER"]
[SourceTitle "EXT 2013"]
[Source "ChessBase"]
[SourceDate "2012.11.22"]
[SourceVersion "1"]
[SourceVersionDate "2012.11.22"]
[SourceQuality "1"]

1. e4 e5 2. Nf3 Nf6 3. Nxe5 d6 4. Nf3 Nxe4 5. Qe2 Qe7 6. d3 Nf6 7. Bg5 Qxe2+ 8. Bxe2 Be7 9. c4 h6 10. Bh4 Be6 11. h3 0-0 12. Nc3 c6 13. Ne4 Nbd7 14. 0-0 Rfe8 15. Nxf6+ Bxf6 16. Bxf6 Nxf6 17. Rfe1 Bd7 18. b4 b6 19. a4 c5 20. b5 Kf8 21. Kf1 a5 22. Rad1 Re7 23. d4 Ne4 24. Rd3 Rae8 25. Nd2 Nf6 26. dxc5 dxc5 27. Rd6 Re6 28. Rxe6 Rxe6 29. Rc1 g5 30. g4 Ne4 31. Nb1 Rd6 32. Ke1 Be6 33. Bf3 Nf6 34. Nd2 Rd4 35. Rc3 Ke7 36. Re3 Kd6 37. Be2 Kc7 38. Nf3 Re4 39. Rc3 Nd7 40. Nd2 Rd4 41. f3 Nf6 42. Nb3 Rd6 43. Kf2 Nd7 44. Kg3 f6 45. f4 Bf7 46. Re3 Re6 47. Rxe6 Bxe6 48. Nd2 Bf7 1/2-1/2

[Event "SVR-ch Seniors 34th"]
[Site "Reil"]
[Date "2011.04.17"]
[Round "3"]
[White "Berres, Guenter"]
[Black "Baudner, Giselbert"]
[Result "0-1"]
[WhiteElo "1140"]
[BlackElo "1905"]
[PlyCount "56"]
[EventDate "2011.04.15"]
[EventType "swiss"]
[EventRounds "7"]
[EventCountry "GER"]
[SourceTitle "EXT 2013"]
[Source "ChessBase"]
[SourceDate "2012.11.22"]
[SourceVersion "1"]
[SourceVersionDate "2012.11.22"]
[SourceQuality "1"]

1. Nf3 Nf6 2. g3 g6 3. Bg2 d6 4. d4 Bg7 5. 0-0 Nbd7 6. Bf4 c6 7. Nbd2 Nd5 8. Bg5 h6 9. c4 hxg5 10. cxd5 g4 11. e3 gxf3 12. Bxf3 c5 13. Nb3 b6 14. Rc1 f5 15. Re1 Nf6 16. dxc5 bxc5 17. Qd2 a5 18. a4 Qb6 19. Be2 Qxb3 20. Bb5+ Bd7 21. Bc6 Bxc6 22. dxc6 Qxa4 23. Ra1 Qxc6 24. Rxa5 Rb8 25. Rea1 Kf7 26. Ra6 Qe4 27. Qd1 Rxh2 28. Kxh2 Rh8+ 0-1

[Event "SVR-ch Seniors 34th"]
[Site "Reil"]
[Date "2011.04.15"]
[Round "1"]
[White "Paetzold, Horst"]
[Black "Baudner, Giselbert"]
[Result "0-1"]
[WhiteElo "1869"]
[BlackElo "1905"]
[PlyCount "100"]
[EventDate "2011.04.15"]
[EventType "swiss"]
[EventRounds "7"]
[EventCountry "GER"]
[SourceTitle "EXT 2013"]
[Source "ChessBase"]
[SourceDate "2012.11.22"]
[SourceVersion "1"]
[SourceVersionDate "2012.11.22"]
[SourceQuality "1"]

1. d4 Nf6 2. c4 e6 3. a3 b6 4. Nf3 Bb7 5. Bg5 Be7 6. e3 0-0 7. Be2 d5 8. 0-0 Nbd7 9. Nbd2 c5 10. Rc1 Rc8 11. Qc2 cxd4 12. Nxd4 Ne5 13. Rfd1 a5 14. Bf4 Ng6 15. Bg3 Ba6 16. Qb3 Bc5 17. N4f3 Qe8 18. h3 e5 19. Kf1 d4 20. exd4 exd4 21. Bd3 Nh5 22. Bh2 Nhf4 23. Bxf4 Nxf4 24. Re1 Qd8 25. Re4 Qf6 26. Rce1 Rcd8 27. Re5 Bc8 28. Qc2 Ng6 29. Ne4 Qf4 30. Rg5 Be7 31. Rg3 Nh4 32. Neg5 Bxg5 33. Nxg5 Ng6 34. Be4 h6 35. Nf3 Rd6 36. Bd5 Kh8 37. Re4 d3 38. Qd2 Qf6 39. Nd4 Ne5 40. b3 a4 41. b4 Be6 42. Bxe6 fxe6 43. Nf3 Nd7 44. Nh4 g5 45. Nf3 Rg8 46. Ne1 Ne5 47. Nxd3 Rgd8 48. Qc2 Nxd3 49. Rf3 Qa1+ 50. Ke2 Qe1# 0-1

[Event "Rheinland Pfalz op 2nd"]
[Site "Schweich"]
[Date "2010.07.16"]
[Round "2"]
[White "Bakalarz, Leszek"]
[Black "Baudner, Giselbert"]
[Result "1-0"]
[WhiteElo "2153"]
[BlackElo "1931"]
[PlyCount "89"]
[EventDate "2010.07.16"]
[EventType "swiss"]
[EventRounds "7"]
[EventCountry "GER"]
[SourceTitle "EXT 2012"]
[Source "ChessBase"]
[SourceDate "2011.11.24"]
[SourceVersion "1"]
[SourceVersionDate "2011.11.24"]
[SourceQuality "1"]

1. e4 e5 2. Nf3 d6 3. d4 Bg4 4. dxe5 Qe7 5. Qd5 c6 6. Qxd6 Qxd6 7. exd6 Bxd6 8. Bc4 Nd7 9. Nbd2 Ne7 10. 0-0 0-0 11. Re1 Ng6 12. h3 Bxf3 13. Nxf3 Nde5 14. Nxe5 Bxe5 15. g3 Rad8 16. c3 Rfe8 17. a4 Kf8 18. Kg2 Bc7 19. Be3 b6 20. f3 Ne5 21. Bf1 Nd3 22. Bxd3 Rxd3 23. Rad1 Red8 24. Rxd3 Rxd3 25. f4 f6 26. Kf3 a5 27. Ke2 Rd7 28. Rd1 Ke7 29. Rxd7+ Kxd7 30. b3 g6 31. g4 Ke6 32. f5+ Kf7 33. h4 c5 34. Kd3 Be5 35. Kc4 Ke7 36. fxg6 hxg6 37. h5 gxh5 38. gxh5 Ke6 39. Bd2 f5 40. exf5+ Kxf5 41. Kd5 Bf6 42. c4 Bd8 43. Bc3 Kg5 44. Kd6 Kxh5 45. Kd7 1-0

[Event "SVR-ch Seniors 33rd"]
[Site "Mendig"]
[Date "2010.04.01"]
[Round "4"]
[White "Kohlei, Rolf"]
[Black "Baudner, Giselbert"]
[Result "1-0"]
[WhiteElo "2072"]
[BlackElo "1931"]
[PlyCount "85"]
[EventDate "2010.03.26"]
[EventType "swiss"]
[EventRounds "7"]
[EventCountry "GER"]
[SourceTitle "EXT 2011"]
[Source "ChessBase"]
[SourceDate "2010.11.26"]
[SourceVersion "1"]
[SourceVersionDate "2010.11.26"]
[SourceQuality "1"]

1. Nf3 d5 2. e3 Nf6 3. b3 c5 4. Bb2 e6 5. Be2 Be7 6. 0-0 0-0 7. d4 a6 8. c4 Nc6 9. Nc3 cxd4 10. exd4 dxc4 11. bxc4 Qc7 12. Qc2 Bd7 13. Rac1 Rad8 14. Rfd1 Bc8 15. h3 Qf4 16. g3 Qb8 17. Bf1 b6 18. Qe2 Bb7 19. d5 Na5 20. Na4 b5 21. cxb5 Bxd5 22. bxa6 Nc4 23. Ne5 Nxb2 24. Nxb2 Ba3 25. Rc2 Rc8 26. Nbc4 Bc5 27. Kh2 Rfd8 28. f4 Qa7 29. Bg2 Qxa6 30. Nxf7 Rf8 31. Nfe5 Bxg2 32. Kxg2 Nd5 33. Kh2 Qa7 34. Nd3 Be3 35. Re1 Qa4 36. Nxe3 Nc3 37. Qd2 Ne4 38. Qc1 Rcd8 39. Ne5 Nf6 40. Ree2 Nh5 41. Rc4 Qa8 42. Rc6 Rfe8 43. Qc4 1-0

[Event "SVR-ch Seniors 33rd"]
[Site "Mendig"]
[Date "2010.03.28"]
[Round "3"]
[White "Baudner, Giselbert"]
[Black "Gebhardt, Ulrich"]
[Result "1-0"]
[WhiteElo "1931"]
[BlackElo "1781"]
[PlyCount "67"]
[EventDate "2010.03.26"]
[EventType "swiss"]
[EventRounds "7"]
[EventCountry "GER"]
[SourceTitle "EXT 2011"]
[Source "ChessBase"]
[SourceDate "2010.11.26"]
[SourceVersion "1"]
[SourceVersionDate "2010.11.26"]
[SourceQuality "1"]

1. e4 c6 2. d4 d5 3. Nc3 dxe4 4. Nxe4 Bf5 5. Nc5 Qc7 6. Nf3 e6 7. Nb3 Nd7 8. Be2 Bd6 9. Bg5 Ngf6 10. Nbd2 h6 11. Bh4 0-0-0 12. c3 g5 13. Bg3 Ne4 14. Bxd6 Nxd6 15. Qa4 Kb8 16. 0-0 f6 17. Rfe1 Nb6 18. Qa5 Ne4 19. c4 Rd7 20. Nb3 Nc8 21. Qxc7+ Kxc7 22. Bd3 Ned6 23. Bxf5 exf5 24. Nc5 Re7 25. Ne6+ Kd7 26. Nc5+ Ke8 27. Nd2 Rhh7 28. Ne6 Rhf7 29. Rac1 Kd7 30. d5 Ne8 31. Nb3 Kd6 32. Rcd1 Kd7 33. dxc6+ Kxc6 34. Nd8+ 1-0

[Event "GER-ch Seniors 21st"]
[Site "Dresden"]
[Date "2009.08.04"]
[Round "3"]
[White "Neese, Hans Joachim"]
[Black "Baudner, Giselbert"]
[Result "1-0"]
[WhiteElo "2220"]
[BlackElo "1920"]
[PlyCount "54"]
[EventDate "2009.08.03"]
[EventType "swiss"]
[EventRounds "9"]
[EventCountry "GER"]
[SourceTitle "CBM 131 Extra"]
[Source "ChessBase"]
[SourceDate "2009.09.03"]
[SourceVersion "2"]
[SourceVersionDate "2009.09.16"]
[SourceQuality "1"]

1. d4 Nf6 2. c4 e6 3. Nc3 d5 4. Nf3 Be7 5. Bf4 c6 6. e3 Nbd7 7. h3 0-0 8. Qc2 Bb4 9. a3 Ba5 10. Bd3 dxc4 11. Bxc4 Bc7 12. Bxc7 Qxc7 13. 0-0 Re8 14. Rac1 Qd6 15. Rfd1 Rb8 16. e4 Qf4 17. e5 Nd5 18. Ne4 f5 19. Neg5 h6 20. g3 Qxc1 21. Qxc1 Nf8 22. h4 hxg5 23. Qxg5 Bd7 24. h5 Nh7 25. Qh4 b5 26. Bb3 Rf8 27. Bxd5 cxd5 1-0

[Event "GER-ch Seniors 18th"]
[Site "Dresden"]
[Date "2006.07.26"]
[Round "5"]
[White "Johne, Siegfried"]
[Black "Baudner, Giselbert"]
[Result "0-1"]
[WhiteElo "1828"]
[BlackElo "1760"]
[PlyCount "91"]
[EventDate "2006.07.22"]
[EventType "swiss"]
[EventRounds "9"]
[EventCountry "GER"]
[SourceTitle "EXT 2022"]
[Source "ChessBase"]
[SourceDate "2021.10.06"]
[SourceVersion "1"]
[SourceVersionDate "2021.10.06"]
[SourceQuality "1"]

1. e4 e5 2. Nf3 Nc6 3. Bb5 a6 4. Ba4 Nf6 5. 0-0 b5 6. Bb3 Be7 7. Re1 0-0 8. d4 d6 9. c4 Bg4 10. d5 Nd4 11. Qd3 Nxf3+ 12. gxf3 Bh5 13. cxb5 axb5 14. Nc3 b4 15. Ne2 Qd7 16. Bd2 Rfb8 17. Rec1 Rb7 18. Ng3 Bg6 19. Rc4 Rab8 20. Rac1 Bd8 21. Rc6 Nh5 22. Ne2 f5 23. Kh1 f4 24. Ng1 Be8 25. Qf1 Qe7 26. R6c2 Bd7 27. Qe1 Qh4 28. Rc4 g5 29. Bd1 Nf6 30. Rxb4 h5 31. Rxb7 Rxb7 32. b3 g4 33. fxg4 hxg4 34. Rc3 Rb8 35. Qf1 Kf7 36. Qg2 Rb4 37. f3 Rd4 38. Rc4 Nh5 39. h3 gxh3 40. Nxh3 Bxh3 41. Qh2 Rxd2 42. Qxd2 Bf1+ 43. Qh2 Ng3+ 44. Kg1 Qxh2+ 45. Kxh2 Bxc4 46. bxc4 0-1

[Event "Rheinland-ch Seniors 28th"]
[Site "Trier"]
[Date "2005.??.??"]
[Round "1"]
[White "Baudner, Giselbert"]
[Black "Baudner, Guntmar"]
[Result "0-1"]
[WhiteElo "1805"]
[BlackElo "1940"]
[PlyCount "68"]
[EventDate "2005.03.??"]
[EventType "tourn"]
[EventRounds "7"]
[EventCountry "GER"]
[SourceTitle "EXT 2009"]
[Source "ChessBase"]
[SourceDate "2008.11.26"]
[SourceVersion "1"]
[SourceVersionDate "2008.11.26"]
[SourceQuality "1"]

1. e4 c5 2. d4 cxd4 3. Nf3 d6 4. Nxd4 Nf6 5. Nc3 g6 6. Bb5+ Bd7 7. Qe2 Nc6 8. Nxc6 Bxc6 9. 0-0 Bg7 10. Bd2 0-0 11. Rad1 Qc7 12. Bd3 a6 13. Nb1 d5 14. exd5 Nxd5 15. Bc1 Rfe8 16. c3 Nf4 17. Bxf4 Qxf4 18. Rfe1 Rad8 19. Nd2 Rd6 20. Nc4 Re6 21. Qf1 Rxe1 22. Qxe1 b5 23. Na5 Ba8 24. Qe3 Qa4 25. Nb3 Qxa2 26. Nc5 Qd5 27. Ne4 f5 28. Bc2 Qc6 29. Qc5 fxe4 30. Qxc6 Bxc6 31. Bb3+ Kf8 32. Be6 Be5 33. Bd7 Rd8 34. Bxc6 Rxd1# 0-1